000
00251nam a2200097Ia 4500
001
647665
005
20250826153707.0
008
250824s9999 xx 000 0 und d
245
0
_a
VANYA DAYI ANTİK
_c
ANTON ÇEHOV
260
_b
ANTİK DÜNYA KLASİKLERİ
999
_c
647665
_d
647665